Gracie Abrams - Paroles Risk - Statistiques

Statistiques générales
  • Ce quiz a été pris 100 fois
  • Le résultat moyen est 342 sur 430
Statistiques - réponses
Hint Réponse % Correct
a
97%
I
97%
"I
97%
it,
97%
it
97%
It
97%
you
97%
You
97%
you"
97%
risk
95%
risk,
95%
gonna
93%
the
93%
I'm
91%
In
91%
in
91%
take
91%
me
88%
No,
88%
to
88%
your
88%
be
86%
but
84%
do
84%
love
84%
Pré-refrain | Refrain God,
83%
now
83%
wrong
83%
actually
81%
and
81%
Pré-refrain And
81%
die
81%
invested
81%
Couplet 1 Look
81%
you're
81%
You're
81%
at
79%
Classic
79%
could
79%
deep
79%
here
79%
here,
79%
soon
79%
tell
79%
thing
79%
feel
78%
fun
78%
fun?
78%
is
78%
my
78%
not
78%
not,
78%
of
78%
swim
78%
don't
76%
even
76%
It's
76%
it's
76%
like
76%
middle
76%
more
76%
night
76%
right
76%
this
76%
Too
76%
when
76%
With
76%
Said
74%
up
74%
wake
74%
Haven't
72%
haven't
72%
jumping
72%
light
72%
met
72%
on
72%
out
72%
'Cause
71%
Watch
71%
down
69%
him
69%
bedroom?
67%
by
67%
Heard
67%
wish
67%
Wish
67%
wouldn't
67%
didn't
66%
end
66%
favorite
66%
girl,
66%
mistake
66%
that
66%
was
66%
work
66%
can
64%
drownin',
64%
head
64%
hold
64%
Know
64%
probably
64%
think
64%
Think
64%
without
64%
You'll
64%
had
62%
Hopelessly
62%
Why
62%
car
60%
touched
60%
break
59%
door
59%
find
59%
get
59%
Couplet 2 Isn't
59%
move
59%
speak
59%
sweet
59%
want
59%
coming
57%
Yeah,
57%
bad,
55%
been
55%
boring
55%
can't
55%
just
55%
kidding
55%
really
55%
someone
55%
talk,
55%
Thinking
55%
I'll
53%
yet
53%
aren't
52%
breath
52%
hate
52%
mouth
52%
'til
52%
wanna
52%
Holding
50%
house,
50%
Knowing
50%
bend
48%
bought
48%
proud
48%
well
48%
scared
47%
stare
47%
damn
45%
Guess
45%
shakin'
45%
shooting
41%
hunted
38%
Aucun quiz correspondant
Distribution des résultats
% des personnes avec chaque résultat
Percentile par nombre de réponses
Votre historique - résultats
Vous n’avez pas pris ce quiz